| 000 | 00910cam a22002775a 4500 | ||
|---|---|---|---|
| 001 | 17878203 | ||
| 005 | 20150524113732.0 | ||
| 008 | 130906t2014 enk frb 000 0 eng d | ||
| 020 | _a9781782547778 (hbk.) | ||
| 040 |
_aDLC _beng _cDLC _dEG-ScBUE |
||
| 082 | 0 | 4 |
_a341.55 _bINT _222 |
| 245 | 0 | 0 |
_aInternational courts and tribunals / _cedited by William A. Schabas. |
| 260 |
_aCheltenham ; _aNorthampton : _bEdward Elgar Publishing Limited, _cc.2014. |
||
| 300 |
_axviii, 912 p. ; _c25 cm. |
||
| 490 | 0 |
_aInternational law ; _v5 |
|
| 490 | 0 | _aAn Elgar research collection | |
| 504 | _aIncludes bibliographical references. | ||
| 650 | 0 |
_aInternational courts. _2BUEsh |
|
| 650 | 0 |
_aInternational law. _2BUEsh |
|
| 650 | 0 |
_aRule of law. _2BUEsh |
|
| 651 | _2BUEsh | ||
| 653 |
_bBUSBOL _cMay2015 |
||
| 655 |
_vreading book _934232 |
||
| 700 | 1 |
_aSchabas, William, _d1950- _eeditor. |
|
| 942 |
_2ddc _k341.55 INT |
||
| 999 |
_c19408 _d19380 |
||